000 00349nam a22001457a 4500
082 _a823
_bRIC/S
100 _aRICHARDS, KITTY
245 _aSPONGEBOB AIRPANTS
_bSHORT STORY
246 _aSPONGEBOB AIRPANTS
_bSHORT STORY
260 _aNEW YORK
_bSCHOLASTIC INC
_c2003
300 _a64
520 _aSHORT STORY
650 _aSHORT STORY
942 _cBK
999 _c2757
_d2757